[Event "Nord-West-Cup"]
[Site "?"]
[Date "1999.02.07"]
[Round "6"]
[White "FM Treppner, Gerd"]
[Black "Kuehne, Klaus-Dieter"]
[Result "1-0"]
[WhiteElo "2320"]
[BlackElo "2103"]
[PlyCount "83"]
[EventDate "1999.??.??"]

1. d4 Nf6 2. Bg5 d5 3. Bxf6 gxf6 4. e3 c5 5. Nc3 e6 6. Qh5 Nc6 7. O-O-O cxd4 8.
exd4 Bb4 9. Nge2 Bd7 10. Rd3 Qa5 11. Kb1 Ne7 12. g4 O-O-O 13. Bh3 Rhf8 14. Qh4
Kb8 15. Qxf6 Rc8 16. Qf4+ Ka8 17. a3 Bxc3 18. Rxc3 Bb5 19. Rxc8+ Nxc8 20. Nc1
Bc4 21. Rd1 b5 22. Nb3 Bxb3 23. cxb3 Qb6 24. Rc1 Kb7 25. Bf1 a6 26. Bd3 h6 27.
Qxh6 Qd6 28. Qg7 Na7 29. h4 Nc6 30. h5 e5 31. h6 e4 32. Bc2 Qd8 33. h7 Qe8 34.
Rh1 Rh8 35. b4 Ne7 36. Bb3 Kc8 37. Rh5 e3 38. fxe3 f5 39. gxf5 Qxh5 40. Qxh8+
Kd7 41. Qg7 Qxf5+ 42. Ka2 1-0

[Event "Nord-West-Cup"]
[Site "?"]
[Date "1999.02.07"]
[Round "6"]
[White "Wittje, Berthold"]
[Black "Schmenger, Felix"]
[Result "1-0"]
[WhiteElo "2217"]
[BlackElo "2260"]
[PlyCount "99"]
[EventDate "1999.??.??"]

1. e4 c5 2. c3 d5 3. exd5 Qxd5 4. d4 cxd4 5. cxd4 Nc6 6. Nf3 e5 7. Nc3 Bb4 8.
Bd2 Bxc3 9. Bxc3 e4 10. Ne5 Nxe5 11. dxe5 Ne7 12. Qa4+ Bd7 13. Qa3 Qe6 14. Rd1
O-O 15. Qd6 Rfd8 16. Be2 Ng6 17. Qd2 Qe7 18. Bb4 Qxe5 19. Bd6 Qf5 20. Bc7 Nh4
21. Rg1 Qg6 22. Bxd8 Rxd8 23. Qd6 Nf3+ 24. Bxf3 exf3 25. Qxg6 hxg6 26. gxf3
Re8+ 27. Kd2 Bc6 28. Rge1 Rd8+ 29. Ke3 Rc8 30. Kf4 Kh7 31. Re7 f6 32. h4 Ba4
33. Rd6 Bc6 34. Rxf6 Kh6 35. Rff7 Rg8 36. Ke5 a6 37. f4 Kh7 38. f5 gxf5 39.
Rxf5 Kh6 40. Rg5 g6 41. f4 Rd8 42. Kf6 Rd6+ 43. Re6 Rd2 44. f5 Rd4 45. Rxg6+
Kh5 46. Re7 Rd6+ 47. Ke5 Rxg6 48. fxg6 Kxg6 49. Re6+ Kh5 50. Rxc6 1-0

[Event "Nord-West-Cup"]
[Site "?"]
[Date "1999.02.07"]
[Round "6"]
[White "FM Gerstner, Wolfgang"]
[Black "FM Jonkman, Harmen"]
[Result "1/2-1/2"]
[WhiteElo "2365"]
[BlackElo "2310"]
[PlyCount "119"]
[EventDate "1999.??.??"]

1. c4 e6 2. d4 d5 3. cxd5 exd5 4. Nc3 c6 5. Bf4 Nf6 6. e3 Bf5 7. Nge2 Be7 8.
Ng3 Be6 9. Bd3 O-O 10. Nf5 Bxf5 11. Bxf5 Na6 12. O-O Nc7 13. Qc2 Re8 14. Rab1
g6 15. Bh3 a5 16. Qb3 Nh5 17. Be5 b5 18. Rbc1 Bd6 19. Bxd6 Qxd6 20. Qc2 Nf6 21.
Ne2 Ra6 22. g3 Qe7 23. Nf4 Ne4 24. Bg2 Nd6 25. Rfe1 Ne6 26. Nxe6 Qxe6 27. Qd3
a4 28. Re2 Rd8 29. Rec2 Nc8 30. Qa3 Ne7 31. Qb4 Qf6 32. Rc3 Qd6 33. Qxd6 Rxd6
34. g4 h6 35. f3 Rd8 36. Kf2 f6 37. Rd3 Ra7 38. h4 Kg7 39. Bh3 Rd6 40. Rcd1 Ra8
41. Rh1 Rf8 42. Ra3 f5 43. gxf5 gxf5 44. b3 Ra8 45. Bf1 f4 46. Bd3 fxe3+ 47.
Kxe3 Rd7 48. Bc2 Kf6 49. bxa4 Nf5+ 50. Bxf5 Kxf5 51. Rc1 Re7+ 52. Kf2 b4 53.
Re3 Rxe3 54. Kxe3 Rxa4 55. Rxc6 Ra3+ 56. Kf2 Rxa2+ 57. Kg3 Rd2 58. Rxh6 Rxd4
59. Rb6 Rc4 60. Rb5 1/2-1/2

[Event "Nord-West-Cup"]
[Site "?"]
[Date "1999.02.07"]
[Round "6"]
[White "GM Gutman, Lev"]
[Black "IM Hermann, Manfred"]
[Result "1-0"]
[WhiteElo "2480"]
[BlackElo "2355"]
[PlyCount "89"]
[EventDate "1999.??.??"]

1. Nf3 d5 2. d4 Nf6 3. Bg5 c6 4. e3 Bf5 5. c4 Bxb1 6. Qxb1 Ne4 7. a3 Nxg5 8.
Nxg5 e6 9. Nf3 Nd7 10. Bd3 dxc4 11. Bxc4 Bd6 12. O-O O-O 13. Qe4 Qe7 14. Rfd1
Rad8 15. b4 a6 16. Nd2 e5 17. Bd3 f5 18. Qf3 e4 19. Bc4+ Kh8 20. Qe2 Rf6 21. f4
exf3 22. Qxf3 g5 23. Nf1 g4 24. Qf2 Rdf8 25. Re1 Rh6 26. g3 Qg5 27. Bd3 Re6 28.
Qc2 Nb6 29. Re2 Re7 30. Rae1 Nd5 31. Qd2 Nf6 32. Rf2 Ne4 33. Bxe4 Rxe4 34. Qd3
Bc7 35. Nd2 Ree8 36. Rfe2 h5 37. e4 f4 38. e5 f3 39. Rf2 Qf5 40. Qxf5 Rxf5 41.
Re4 a5 42. h3 Rg8 43. Rh2 gxh3 44. Rxh3 axb4 45. axb4 {1-0 im 63. Zug} 1-0